| 000 | 01391nam a2200373 a 4500 | ||
|---|---|---|---|
| 001 | 000004530 | ||
| 003 | DO-SdBNP | ||
| 005 | 20220225125652.0 | ||
| 007 | 000004530 | ||
| 008 | 090723s2007 mx b 000 spa d | ||
| 020 | _a9789682327261 | ||
| 040 |
_aBPMSU _bspa _cBPMSU |
||
| 082 |
_a320.97293 _bF281m 2007 _222 |
||
| 092 | _2 | ||
| 100 | 1 | _aFaxas, Laura | |
| 245 | 1 | 3 |
_aEl mito roto : _bsistema político y movimiento popular en la República Dominicana, 1961-1990 / _cLaura Faxas; prefácio Alain Touraine. |
| 260 |
_aMéxico, : _bFUNGLODE ; _bFLACSO ; _bSiglo XXI _c2007. |
||
| 300 |
_a367 p. : _bmap. ; _c23 cm. |
||
| 490 | 0 | _aHistoria inmediata | |
| 500 | _aIncluye datos biográficos de la autora en la solapa de la cubierta | ||
| 500 | _aIncluye referencias bibliográficas y notas al pie de las páginas | ||
| 500 | _aIncluye índice | ||
| 504 | _aBliográficas : p. 343-358 | ||
| 590 | _6Inventariado, 2022/VM | ||
| 651 | 4 |
_aRepública Dominicana _xPolítcia y gobierno, _y1961-1990 |
|
| 651 | 4 |
_aRepública Dominicana _xHistoria _y1961-1990 |
|
| 700 | 1 | _aTouraine, Alain | |
| 710 | 2 | _aFundación Global de Democracia y Desarrollo (República Dominicana) | |
| 710 | 2 | _aFaculdad Latinoamericana de Ciencias Sociales | |
| 910 | _aVMateo V. | ||
| 942 |
_2ddc _cBK |
||
| 945 | _aTitulo remanejado para la BNPHU | ||
| 956 |
_aVMATEO _b10 _c20150807 _lBPMSU _h00151 |
||
| 999 |
_c8119 _d8119 |
||